Фильмы с Джейсоном Стэтемом - Армагеддон - Statistics

General Stats
  • This quiz has been taken 18 times
  • The average score is 8 of 15
Answers on the Grid
Answers color-coded by a green-red scale on the quiz's grid according to % correct below.
Земля мёртвых
Неудержимые
Воин
Перевозчик
Во имя короля
Кикбоксёр
Малефисента
Тринадцать
Механик
Дилер
Паркер
Револьвер
Пчеловод
Дюна
Война
Забавные игры
Большой куш
Джуманджи: Добро пожаловать в джунгли
Боец
Карты, деньги, два ствола
Разлом Сан-Андреас
Шпион
Улицы в огне
Адреналин
Мужской гнев
Водитель
Настройщик
Неоспоримый 2
Смертельная гонка
Поездка в Америку
 
Answer Stats
Answer % Correct
Неудержимые
81%
Перевозчик
81%
Механик
81%
Большой куш
81%
Пчеловод
75%
Карты, деньги, два ствола
69%
Адреналин
56%
Револьвер
50%
Шпион
44%
Смертельная гонка
38%
Во имя короля
31%
Паркер
25%
Мужской гнев
25%
Война
19%
Тринадцать
13%
No matching quizzes found
Score Distribution
Percent of People with Each Score
Percentile by Number Answered
Your Score History
You have not taken this quiz